00305 a2200109 4500040001300000082001200013100003400025245006500059260003800124300000900162650002400171 aDLCbDLC a297.124 aBukhari, Muhammad Bin Ismaiel aSahih Bukhari Sharif (Vol III)cMuhammad Bin Ismaiel Bukhari aLahore:bMuktaba Rehmania,c1999. a1100 aHadith (Collection)